000 00452nam a2200181Ia 4500
001 17519
005 20260306171523.0
008 260306s9999||||xx |||||||||||||| ||und||
041 _aESP
082 _a658
_bT73 2013
100 _aTorres Hernández, Zacarías
_eAUT
245 0 _aTeoría general de la administración
260 _c2013
300 _axiii, 510 páginas :
_c27 cm.
650 _aGEN
654 _aCAN
942 _cLIB
_dJUS
_fJUS
_2ddc
_n
999 _c17519
_d17519